[Event "ITT CXG Memorial Marcel Duchamps"]
[Site "Clube Xadrez Guanabara - Rio de Janeiro, RJ - Brazil"]
[Date "2016.01.13"]
[Round "5"]
[Board "5"]
[White "Garcia Palermo, Carlos"]
[Black "Alonso, Salvador"]
[Result "1/2-1/2"]
[WhiteElo "2438"]
[BlackElo "2491"]
[PlyCount "53"]
[EventDate "2016.01.10"]
[EventRounds "9"]
[EventCountry "BRA"]

1. d4 d5 2. c4 c6 3. Nf3 Nf6 4. e3 g6 5. Nbd2 Bg7 6. b4 O-O 7. Bb2 Nbd7 8. Be2
e6 9. O-O b6 10. a4 a5 11. b5 c5 12. cxd5 exd5 13. Ne5 Bb7 14. Nxd7 Nxd7 15.
Bf3 Re8 16. dxc5 Bxb2 17. Rb1 Nxc5 18. Rxb2 Qh4 19. Ra2 Rad8 20. Nb3 Nxa4 21.
Nxa5 Nc3 22. Qa1 bxa5 23. Qxc3 d4 24. exd4 Bxf3 25. Qxf3 Qxd4 26. Rxa5 Qb6 27.
Raa1 1/2-1/2

[Event "ITT CXG Memorial Marcel Duchamps"]
[Site "Clube Xadrez Guanabara - Rio de Janeiro, RJ - Brazil"]
[Date "2016.01.14"]
[Round "6"]
[Board "1"]
[White "Feliciano Ebert, Vanessa"]
[Black "Alonso, Salvador"]
[Result "0-1"]
[WhiteElo "2232"]
[BlackElo "2491"]
[PlyCount "90"]
[EventDate "2016.01.10"]
[EventRounds "9"]
[EventCountry "BRA"]

1. e4 c5 2. Nf3 e6 3. d4 cxd4 4. Nxd4 Nc6 5. Nc3 Qc7 6. Be3 a6 7. Qd2 Nf6 8.
O-O-O Be7 9. f4 d6 10. Be2 O-O 11. g4 Nxd4 12. Bxd4 e5 13. Be3 exf4 14. Bd4 Be6
15. Qxf4 Qa5 16. Kb1 Rac8 17. g5 Nh5 18. Bxh5 Bxg5 19. Qxd6 Rxc3 20. a3 Rc4 21.
Qg3 Rxd4 22. Rxd4 Bf6 23. Bxf7+ Rxf7 24. Rb4 Qe5 25. Qxe5 Bxe5 26. h4 h5 27.
Rg1 Bg4 28. a4 Kh7 29. a5 g5 30. hxg5 Kg6 31. Rc4 Rc7 32. Rxc7 Bxc7 33. b4 Kxg5
34. c4 h4 35. Kc2 h3 36. Kd3 h2 37. Rf1 Bh3 38. Rh1 Kf6 39. Kd4 Ke6 40. Kc5 Bg2
41. Rxh2 Bxh2 42. Kb6 Bxe4 43. b5 Bg1+ 44. Kc7 Bc5 45. Kb8 Ke5 0-1

[Event "ITT CXG Memorial Marcel Duchamps"]
[Site "Clube Xadrez Guanabara - Rio de Janeiro, RJ - Brazil"]
[Date "2016.01.14"]
[Round "6"]
[Board "2"]
[White "Manzi, Luiz Antonio Bardaro"]
[Black "Garcia Palermo, Carlos"]
[Result "0-1"]
[WhiteElo "2028"]
[BlackElo "2438"]
[PlyCount "82"]
[EventDate "2016.01.10"]
[EventRounds "9"]
[EventCountry "BRA"]

1. d4 e6 2. Nf3 c5 3. c3 d5 4. g3 Nf6 5. Bg2 Nbd7 6. O-O Be7 7. Bg5 O-O 8. Nbd2
b6 9. Ne5 Bb7 10. Qa4 Nxe5 11. dxe5 Nd7 12. Bxe7 Qxe7 13. f4 f6 14. exf6 Nxf6
15. e4 c4 16. exd5 Qc5+ 17. Kh1 Bxd5 18. Rae1 b5 19. Qa6 Rad8 20. Nf3 Rd6 21.
Qa3 Qxa3 22. bxa3 Ra6 23. Nd4 Rxa3 24. Nxb5 Rxa2 25. Bxd5 exd5 26. Ra1 Rb2 27.
Nd4 Ng4 28. Rxa7 Rxh2+ 29. Kg1 Re8 30. f5 Re3 31. Nf3 Rb2 32. Rc7 h6 33. Rd7
Nh2 34. Nxh2 Rxg3+ 35. Kh1 Rh3 36. Re1 Rbxh2+ 37. Kg1 Rh1+ 38. Kg2 R3h2+ 39.
Kg3 Rxe1 40. Kxh2 Re5 41. f6 gxf6 0-1

[Event "ITT CXG Memorial Marcel Duchamps"]
[Site "Clube Xadrez Guanabara - Rio de Janeiro, RJ - Brazil"]
[Date "2016.01.14"]
[Round "6"]
[Board "3"]
[White "Martinez, Ayelen"]
[Black "Roselli Mailhe, Bernardo"]
[Result "1/2-1/2"]
[WhiteElo "2217"]
[BlackElo "2427"]
[PlyCount "83"]
[EventDate "2016.01.10"]
[EventRounds "9"]
[EventCountry "BRA"]

1. e4 e5 2. Nf3 Nc6 3. Bb5 a6 4. Ba4 Nf6 5. O-O Be7 6. Re1 b5 7. Bb3 d6 8. c3
O-O 9. h3 Nd7 10. d4 Bf6 11. a4 Bb7 12. Be3 Na5 13. Bc2 Nc4 14. Bc1 exd4 15.
cxd4 c5 16. Qd3 g6 17. axb5 axb5 18. Rxa8 Bxa8 19. b3 Na5 20. dxc5 Nxc5 21.
Qxb5 Ne6 22. Bh6 Re8 23. Nbd2 Nc6 24. Bb1 Qd7 25. Be3 Rb8 26. Qa4 Qe7 27. Nc4
Ncd4 28. Nxd4 Bxd4 29. Qa6 Bxe3 30. Rxe3 d5 31. exd5 Bxd5 32. Be4 Bxe4 33. Rxe4
Rd8 34. Qa5 Qd7 35. Ne5 Qb7 36. Re1 Qxb3 37. Nxf7 Kxf7 38. Rxe6 Qxe6 39. Qxd8
Qe1+ 40. Kh2 Qxf2 41. Qd7+ Kg8 42. Qb7 1/2-1/2

[Event "ITT CXG Memorial Marcel Duchamps"]
[Site "Clube Xadrez Guanabara - Rio de Janeiro, RJ - Brazil"]
[Date "2016.01.14"]
[Round "6"]
[Board "4"]
[White "Terao, Juliana Sayumi"]
[Black "Galego, Luis"]
[Result "1/2-1/2"]
[WhiteElo "2243"]
[BlackElo "2451"]
[PlyCount "123"]
[EventDate "2016.01.10"]
[EventRounds "9"]
[EventCountry "BRA"]

1. e4 d6 2. d4 Nf6 3. Nc3 g6 4. h3 Bg7 5. Nf3 O-O 6. Be3 c6 7. a4 Qa5 8. Bd3 e5
9. dxe5 dxe5 10. O-O Nbd7 11. Nd2 Nh5 12. g3 Qc7 13. Nc4 Ndf6 14. Kg2 Be6 15.
a5 Nd7 16. Be2 Rfd8 17. Qc1 Nhf6 18. Rd1 b5 19. axb6 axb6 20. b4 b5 21. Na5 Bf8
22. Qb2 Be7 23. f3 Nf8 24. Bd3 N6d7 25. Ne2 Rdb8 26. c3 c5 27. Qd2 c4 28. Bc2
Rd8 29. Qe1 Ra6 30. Qf2 Rda8 31. f4 f6 32. Rd2 Rd6 33. Rad1 Rxd2 34. Rxd2 Ra6
35. Ng1 Rd6 36. Nf3 Rxd2 37. Qxd2 Bf7 38. f5 Nb6 39. g4 g5 40. Qf2 Nc8 41. h4
h6 42. Qd2 Nd7 43. Bf2 Nd6 44. Qe3 Nc8 45. Nd2 Kg7 46. Nb1 Nb8 47. Na3 Qd7 48.
hxg5 hxg5 49. Nb1 Na6 50. Qe1 Bd8 51. Qd1 Qxd1 52. Bxd1 Nb6 53. Kf3 Be8 54. Bc2
Kf7 55. Ke2 Ke7 56. Kd1 Kd7 57. Nd2 Kc8 58. Nf1 Kb8 59. Ng3 Kc8 60. Kd2 Be7 61.
Ke2 Kc7 62. Be3 1/2-1/2

[Event "ITT CXG Memorial Marcel Duchamps"]
[Site "Clube Xadrez Guanabara - Rio de Janeiro, RJ - Brazil"]
[Date "2016.01.14"]
[Round "6"]
[Board "5"]
[White "Hungaski, Robert Andrew"]
[Black "Zuriel, Marisa"]
[Result "1-0"]
[WhiteElo "2478"]
[BlackElo "2258"]
[PlyCount "201"]
[EventDate "2016.01.10"]
[EventRounds "9"]
[EventCountry "BRA"]

1. Nf3 c5 2. c4 Nf6 3. g3 d6 4. Bg2 e5 5. d3 g6 6. Nc3 Bg7 7. O-O O-O 8. a3 Nc6
9. Bg5 h6 10. Bxf6 Bxf6 11. Rb1 Be6 12. Nd2 Bg7 13. Nd5 Rc8 14. b4 b6 15. Qa4
Qd7 16. e3 Kh8 17. Rfe1 f5 18. f4 Rfe8 19. Kh1 g5 20. b5 Ne7 21. fxg5 hxg5 22.
Qd1 Bf7 23. Rf1 Bg6 24. Nxe7 Rxe7 25. e4 f4 26. Bf3 Rf8 27. Bg4 Qe8 28. Qe2 Bf6
29. Kg2 Rh7 30. Rh1 Bd8 31. a4 Kg7 32. Rbf1 Rh6 33. Nb1 Rfh8 34. Nc3 R8h7 35.
Qf3 Rh8 36. Nd5 Rf8 37. Qe2 Rfh8 38. Nc3 R8h7 39. Nb1 Rh8 40. Nd2 Bf6 41. Qf2
Bd8 42. Qe1 R8h7 43. Qd1 Rh8 44. Nb1 Bf6 45. Nc3 Bd8 46. Qe2 R8h7 47. Nd1 Rh8
48. h3 Rf8 49. Nc3 Bf6 50. Nd5 Bd8 51. Bc8 Bh5 52. g4 Bf7 53. Nc3 Be6 54. Bxe6
Qxe6 55. Qf3 Rfh8 56. Rh2 Rh4 57. Rfh1 Qd7 58. Qd1 Rf8 59. Kf3 Rfh8 60. Nb1
R8h6 61. Nd2 Kf8 62. Kg2 Rh8 63. Kf2 Bf6 64. Nf3 R4h7 65. Ke2 Be7 66. Kd2 Bd8
67. Kc3 Bf6 68. Kb3 Bd8 69. Qe1 Kf7 70. Ka3 Kg6 71. Qc3 Qe6 72. Kb2 Rh6 73. Qe1
Qd7 74. Qf2 Bf6 75. Kc3 Be7 76. Kd2 Bd8 77. Ke2 R6h7 78. Qg1 Bf6 79. h4 Qe7 80.
hxg5 Bxg5 81. Rh5 Rxh5 82. gxh5+ Rxh5 83. Nh4+ Kf7 84. Nf5 Rxh1 85. Qxh1 Qf6
86. Qh7+ Kf8 87. Qxa7 f3+ 88. Kxf3 Qg6 89. Qb8+ Kf7 90. Nxd6+ Kg7 91. Nf5+ Kh7
92. Qc7+ Kg8 93. Qc8+ Kh7 94. Qd7+ Kg8 95. Ng3 Qf6+ 96. Qf5 Qd8 97. Qg6+ Kf8
98. Kg4 Be7 99. Nf5 Bf6 100. Kh5 Bh8 101. Qd6+ 1-0

[Event "ITT CXG Memorial Marcel Duchamps"]
[Site "Clube Xadrez Guanabara - Rio de Janeiro, RJ - Brazil"]
[Date "2016.01.15"]
[Round "7"]
[Board "1"]
[White "Zuriel, Marisa"]
[Black "Feliciano Ebert, Vanessa"]
[Result "1-0"]
[WhiteElo "2258"]
[BlackElo "2232"]
[PlyCount "53"]
[EventDate "2016.01.10"]
[EventRounds "9"]
[EventCountry "BRA"]

1. e4 c5 2. Nf3 Nc6 3. Nc3 e6 4. d4 cxd4 5. Nxd4 Qc7 6. f4 a6 7. Nxc6 Qxc6 8.
Bd3 Bc5 9. Qe2 Ne7 10. Bd2 b5 11. e5 Bb7 12. Ne4 Nf5 13. c3 Rc8 14. g4 Nh6 15.
Rf1 Be7 16. O-O-O b4 17. Kb1 bxc3 18. Bxc3 Qb6 19. Ka1 Bd5 20. f5 g6 21. f6 Bc5
22. h3 Qc6 23. Nxc5 Qxc5 24. Rc1 Rb8 25. Bd2 Qd4 26. Bxh6 Qa4 27. Bc4 1-0

[Event "ITT CXG Memorial Marcel Duchamps"]
[Site "Clube Xadrez Guanabara - Rio de Janeiro, RJ - Brazil"]
[Date "2016.01.15"]
[Round "7"]
[Board "2"]
[White "Galego, Luis"]
[Black "Hungaski, Robert Andrew"]
[Result "1/2-1/2"]
[WhiteElo "2451"]
[BlackElo "2478"]
[PlyCount "77"]
[EventDate "2016.01.10"]
[EventRounds "9"]
[EventCountry "BRA"]

1. e4 c5 2. Nf3 Nc6 3. Bb5 e6 4. O-O Nge7 5. Re1 a6 6. Bf1 d5 7. exd5 Qxd5 8.
Nc3 Qd8 9. d3 Nf5 10. Ne4 Be7 11. c3 b6 12. a3 O-O 13. b4 cxb4 14. axb4 Bb7 15.
Bf4 Nd6 16. Qb3 Qd7 17. Nfd2 Nxe4 18. dxe4 e5 19. Be3 b5 20. Qb2 Rfb8 21. Red1
Qc7 22. Nb3 Bc8 23. f3 Nd8 24. Rac1 Be6 25. Nc5 Bxc5 26. Bxc5 Nb7 27. Be3 Rd8
28. Rxd8+ Rxd8 29. Ra1 Qc6 30. h4 f6 31. Kh2 Rd6 32. Qa3 Qc7 33. Bc5 Rc6 34.
Rd1 h5 35. Bf2 Nd6 36. Bc5 Nb7 37. Bf2 Nd6 38. Bc5 Nb7 39. Bf2 1/2-1/2

[Event "ITT CXG Memorial Marcel Duchamps"]
[Site "Clube Xadrez Guanabara - Rio de Janeiro, RJ - Brazil"]
[Date "2016.01.15"]
[Round "7"]
[Board "3"]
[White "Roselli Mailhe, Bernardo"]
[Black "Terao, Juliana Sayumi"]
[Result "1-0"]
[WhiteElo "2427"]
[BlackElo "2243"]
[PlyCount "125"]
[EventDate "2016.01.10"]
[EventRounds "9"]
[EventCountry "BRA"]

1. d4 Nf6 2. c4 g6 3. Nc3 d5 4. Nf3 Bg7 5. Bg5 Ne4 6. cxd5 Nxg5 7. Nxg5 e6 8.
Qd2 h6 9. Nh3 exd5 10. Qe3+ Kf8 11. Nf4 c5 12. dxc5 d4 13. Qd2 Na6 14. e3 Bf5
15. exd4 Qxd4 16. Qxd4 Bxd4 17. Bd3 Re8+ 18. Kf1 Bxd3+ 19. Nxd3 Bxc3 20. bxc3
Rd8 21. Ke2 Kg7 22. Rhd1 Rhe8+ 23. Kf1 Rc8 24. Rab1 Re7 25. Rb5 Rd7 26. Ke2
Re8+ 27. Kd2 Nb8 28. Kc2 Nc6 29. Nf4 Rxd1 30. Kxd1 Rd8+ 31. Kc2 Rd7 32. Nd3 a6
33. Rb1 Na5 34. Rb4 Re7 35. Kd2 Nc6 36. Rb1 Kf8 37. Re1 Rd7 38. Kc2 Nd8 39. Re4
Rc7 40. Kb3 Ne6 41. Kb4 Kg7 42. h4 Rd7 43. Re3 Nd8 44. Ka5 Nc6+ 45. Kb6 Ne7 46.
Nb4 Nc8+ 47. Ka5 Rc7 48. c6 bxc6 49. Rd3 Ne7 50. Kb6 Rc8 51. Nxa6 Nd5+ 52. Kb7
Re8 53. g3 Re2 54. Kxc6 Ne7+ 55. Kd7 Nf5 56. Nb4 Rxf2 57. a4 Re2 58. a5 Re7+
59. Kc6 Ne3 60. a6 Nc4 61. Rd4 Ne5+ 62. Kb5 Nf3 63. Rd5 1-0

[Event "ITT CXG Memorial Marcel Duchamps"]
[Site "Clube Xadrez Guanabara - Rio de Janeiro, RJ - Brazil"]
[Date "2016.01.15"]
[Round "7"]
[Board "4"]
[White "Garcia Palermo, Carlos"]
[Black "Martinez, Ayelen"]
[Result "1-0"]
[WhiteElo "2438"]
[BlackElo "2217"]
[PlyCount "107"]
[EventDate "2016.01.10"]
[EventRounds "9"]
[EventCountry "BRA"]

1. b3 Nf6 2. Bb2 d5 3. Nf3 g6 4. c4 c6 5. e3 Bg7 6. Be2 O-O 7. O-O Bg4 8. h3
Bxf3 9. Bxf3 Nbd7 10. cxd5 cxd5 11. d4 e6 12. Nc3 Qa5 13. Qd2 Rfc8 14. Rfc1 Bf8
15. a3 Qb6 16. Qd1 Ne8 17. e4 dxe4 18. Nxe4 Ndf6 19. Nc5 Nd6 20. b4 Bg7 21. Qb3
Rc7 22. Rc2 Re7 23. Re1 Rae8 24. Rce2 Qd8 25. g3 h5 26. h4 Rc7 27. Rd1 b6 28.
Na6 Rc8 29. b5 Nc4 30. Nb4 Nxb2 31. Qxb2 Nd5 32. Nxd5 exd5 33. Rxe8+ Qxe8 34.
Bxd5 Qd7 35. Qb3 Qf5 36. Bc6 Rd8 37. d5 Bf8 38. Rd3 Bc5 39. Rf3 Qe5 40. d6 Rf8
41. d7 Qe7 42. Kg2 Kg7 43. Qa4 Qd6 44. Qxa7 g5 45. hxg5 h4 46. gxh4 Qd4 47.
d8=Q Qxd8 48. Qd7 Qxd7 49. Bxd7 Rd8 50. Rd3 Rh8 51. Kg3 Kf8 52. Bf5 Kg7 53. f4
Re8 54. h5 1-0

[Event "ITT CXG Memorial Marcel Duchamps"]
[Site "Clube Xadrez Guanabara - Rio de Janeiro, RJ - Brazil"]
[Date "2016.01.15"]
[Round "7"]
[Board "5"]
[White "Alonso, Salvador"]
[Black "Manzi, Luiz Antonio Bardaro"]
[Result "1-0"]
[WhiteElo "2491"]
[BlackElo "2028"]
[PlyCount "59"]
[EventDate "2016.01.10"]
[EventRounds "9"]
[EventCountry "BRA"]

1. e4 Nf6 2. e5 Nd5 3. d4 d6 4. c4 Nb6 5. exd6 cxd6 6. Nc3 g6 7. Be3 Bg7 8. Rc1
O-O 9. b3 e5 10. dxe5 dxe5 11. Qxd8 Rxd8 12. c5 N6d7 13. Bc4 Nc6 14. Ne4 Na5
15. Bg5 Rf8 16. Bd5 h6 17. Bd2 Nc6 18. Nf3 Ne7 19. Bc4 b6 20. c6 Nb8 21. c7
Nbc6 22. Nd6 Bg4 23. O-O Bxf3 24. gxf3 Nd4 25. Kg2 a5 26. Be3 Nc8 27. Nb5 Na7
28. Nxd4 exd4 29. Bf4 Nc6 30. Bd5 1-0

[Event "ITT CXG Memorial Marcel Duchamps"]
[Site "Clube Xadrez Guanabara - Rio de Janeiro, RJ - Brazil"]
[Date "2016.01.16"]
[Round "8"]
[Board "1"]
[White "Feliciano Ebert, Vanessa"]
[Black "Manzi, Luiz Antonio Bardaro"]
[Result "1-0"]
[WhiteElo "2232"]
[BlackElo "2028"]
[PlyCount "65"]
[EventDate "2016.01.10"]
[EventRounds "9"]
[EventCountry "BRA"]

1. e4 Nf6 2. e5 Nd5 3. d4 d6 4. c4 Nb6 5. exd6 cxd6 6. Nc3 g6 7. Be3 Bg7 8.
Rc1 O-O 9. b3 Bf5 10. d5 Na6 11. Nf3 Nc5 12. Be2 Bg4 13. O-O Nbd7 14. b4
Na6 15. a3 b6 16. Nd4 Bxe2 17. Qxe2 Nf6 18. Nc6 Qd7 19. Rfd1 e5 20. c5 Nxc5
21. bxc5 bxc5 22. Rb1 Rfe8 23. Na5 Rab8 24. h3 Nh5 25. Qa6 e4 26. Nb5 Be5
27. Nc6 Qf5 28. Nxe5 Rxe5 29. Nxd6 Rxb1 30. Rxb1 Qd7 31. Qc8+ Qxc8 32. Nxc8
Rxd5 33. Ne7+ 1-0

[Event "ITT CXG Memorial Marcel Duchamps"]
[Site "Clube Xadrez Guanabara - Rio de Janeiro, RJ - Brazil"]
[Date "2016.01.16"]
[Round "8"]
[Board "2"]
[White "Martinez, Ayelen"]
[Black "Alonso, Salvador"]
[Result "0-1"]
[WhiteElo "2217"]
[BlackElo "2491"]
[PlyCount "86"]
[EventDate "2016.01.10"]
[EventRounds "9"]
[EventCountry "BRA"]

1. e4 c5 2. Nf3 e6 3. d4 cxd4 4. Nxd4 Nc6 5. Nc3 Qc7 6. Be3 a6 7. Qd2 Nf6
8. O-O-O Be7 9. f4 b5 10. Bd3 Bb7 11. Nb3 Na5 12. Nxa5 Qxa5 13. Kb1 b4 14.
Ne2 O-O 15. Ng3 Rac8 16. Bd4 d5 17. e5 Ne4 18. Bxe4 dxe4 19. f5 Rfd8 20.
Qf2 Rxd4 21. Qxd4 Bd5 22. b3 Rxc2 23. Kxc2 Qxa2+ 24. Kc1 Bg5+ 25. Rd2 h5
26. Kd1 Qxb3+ 27. Ke1 h4 28. Ne2 h3 29. Nc1 hxg2 30. Rg1 Bh4+ 31. Rf2 Qc2
32. Rxg2 Qxc1+ 33. Qd1 Bxf2+ 34. Rxf2 Qxd1+ 35. Kxd1 exf5 36. Rxf5 a5 37.
Rf2 e3 38. Rb2 b3 39. Kc1 a4 40. Re2 a3 41. Rxe3 Be6 42. Rf3 g6 43. Rf1 Bf5
 0-1

[Event "ITT CXG Memorial Marcel Duchamps"]
[Site "Clube Xadrez Guanabara - Rio de Janeiro, RJ - Brazil"]
[Date "2016.01.16"]
[Round "8"]
[Board "3"]
[White "Terao, Juliana Sayumi"]
[Black "Garcia Palermo, Carlos"]
[Result "1/2-1/2"]
[WhiteElo "2243"]
[BlackElo "2438"]
[PlyCount "68"]
[EventDate "2016.01.10"]
[EventRounds "9"]
[EventCountry "BRA"]

1. e4 e5 2. Nf3 Nc6 3. Bb5 Nf6 4. d3 Ne7 5. O-O c6 6. Bc4 Ng6 7. Re1 Be7 8.
c3 O-O 9. Bb3 Qc7 10. Nbd2 d5 11. Nf1 dxe4 12. dxe4 Nd7 13. Ng3 Nc5 14. Bc2
Rd8 15. Qe2 b6 16. Nf5 Ba6 17. c4 Ne6 18. Be3 Ngf4 19. Qf1 Bb4 20. Red1 g6
21. g3 Nh5 22. Nh6+ Kg7 23. Ng4 f6 24. a3 Bc5 25. b4 Bxe3 26. fxe3 Rxd1 27.
Rxd1 Rd8 28. Rc1 c5 29. b5 Bc8 30. Nf2 Kg8 31. Nd1 Ng5 32. Nxg5 fxg5 33.
Nc3 Rf8 34. Qe2 Be6 1/2-1/2

[Event "ITT CXG Memorial Marcel Duchamps"]
[Site "Clube Xadrez Guanabara - Rio de Janeiro, RJ - Brazil"]
[Date "2016.01.16"]
[Round "8"]
[Board "4"]
[White "Hungaski, Robert Andrew"]
[Black "Roselli Mailhe, Bernardo"]
[Result "1-0"]
[WhiteElo "2478"]
[BlackElo "2427"]
[PlyCount "103"]
[EventDate "2016.01.10"]
[EventRounds "9"]
[EventCountry "BRA"]

1. Nf3 Nc6 2. d4 d6 3. c4 e5 4. g3 e4 5. Ng5 f5 6. Nc3 h6 7. Nh3 g5 8. f4
Bg7 9. d5 Nce7 10. Be3 Ng6 11. Bd4 Qe7 12. e3 Nf6 13. Be2 g4 14. Nf2 c5 15.
dxc6 bxc6 16. O-O h5 17. Qd2 O-O 18. Rfd1 Rb8 19. Na4 Rd8 20. Qa5 Be6 21.
c5 d5 22. Qc3 h4 23. Nh1 Kf7 24. Bf1 Rh8 25. Bg2 Bc8 26. b4 Nh5 27. Bxg7
Nxg7 28. Nb2 Ne6 29. a4 Qf6 30. Qxf6+ Kxf6 31. b5 Ne7 32. Bf1 Nxc5 33. Rab1
cxb5 34. axb5 Bd7 35. Rbc1 Ne6 36. Nc4 hxg3 37. Nxg3 Bxb5 38. Ne5 d4 39.
Rb1 Ba4 40. Rxb8 Nxf4 41. Rxh8 dxe3 42. Ra1 Bb3 43. Rxa7 Nfd5 44. Nd7+ Kg5
45. Nc5 Bc2 46. Rh5+ Kf4 47. Nd7 Bd3 48. Ra1 e2 49. Bxe2 Bxe2 50. Nxe2+ Ke3
51. Ng3 f4 52. Ra3+ 1-0

[Event "ITT CXG Memorial Marcel Duchamps"]
[Site "Clube Xadrez Guanabara - Rio de Janeiro, RJ - Brazil"]
[Date "2016.01.17"]
[Round "9"]
[Board "1"]
[White "Galego, Luis"]
[Black "Feliciano Ebert, Vanessa"]
[Result "1-0"]
[WhiteElo "2451"]
[BlackElo "2232"]
[PlyCount "143"]
[EventDate "2016.01.10"]
[EventRounds "9"]
[EventCountry "BRA"]

1. e4 c5 2. Nf3 Nc6 3. Nc3 e6 4. g3 d5 5. d3 Nge7 6. Bg2 g6 7. O-O Bg7 8.
exd5 exd5 9. Bf4 O-O 10. Qd2 Be6 11. Bh6 Bxh6 12. Qxh6 Nf5 13. Qd2 f6 14.
Rfe1 Bf7 15. Ne2 d4 16. a3 a5 17. g4 Nfe7 18. c4 dxc3 19. bxc3 Nd5 20. c4
Nde7 21. Ng3 Ne5 22. Nxe5 fxe5 23. Rxe5 Nc6 24. Bxc6 bxc6 25. Qe3 Qd7 26.
h3 Rae8 27. Rxe8 Rxe8 28. Ne4 Kg7 29. Rb1 h6 30. f4 Re7 31. Kg2 Re8 32. Rf1
Qd4 33. Qxd4+ cxd4 34. Kf3 Rb8 35. Nc5 Re8 36. Rf2 h5 37. Re2 Rb8 38. Re4
Rb1 39. Rxd4 a4 40. Nxa4 Rb3 41. Nc5 Rxa3 42. Rd7 h4 43. g5 Kf8 44. Ke4 Ra5
45. Kd4 Ra2 46. Ke5 Rf2 47. Rc7 Rf3 48. Rxc6 Kg7 49. Ne6+ Bxe6 50. Rxe6
Re3+ 51. Kd5 Rxd3+ 52. Ke4 Rxh3 53. c5 Rc3 54. Kd4 Rc2 55. Re7+ Kg8 56. Re3
Kf7 57. Kd5 Rd2+ 58. Kc6 Rd4 59. Kb5 Rxf4 60. c6 Rf1 61. c7 Rc1 62. Kb6 h3
63. Rxh3 Ke6 64. Rh8 Kf5 65. c8=Q+ Rxc8 66. Rxc8 Kxg5 67. Kc5 Kf4 68. Kd4
g5 69. Rf8+ Kg3 70. Ke3 g4 71. Rg8 Kh3 72. Kf4 1-0

[Event "ITT CXG Memorial Marcel Duchamps"]
[Site "Clube Xadrez Guanabara - Rio de Janeiro, RJ - Brazil"]
[Date "2016.01.17"]
[Round "9"]
[Board "2"]
[White "Roselli Mailhe, Bernardo"]
[Black "Zuriel, Marisa"]
[Result "1/2-1/2"]
[WhiteElo "2427"]
[BlackElo "2258"]
[PlyCount "41"]
[EventDate "2016.01.10"]
[EventRounds "9"]
[EventCountry "BRA"]

1. d4 Nf6 2. c4 g6 3. Nc3 Bg7 4. Nf3 O-O 5. e4 d6 6. Be3 e5 7. dxe5 dxe5 8.
Qxd8 Rxd8 9. Nd5 Nxd5 10. cxd5 c6 11. dxc6 Nxc6 12. Bc4 Nd4 13. O-O Nxf3+
14. gxf3 Bh3 15. Rfd1 b6 16. Bb3 Bf6 17. Rxd8+ Rxd8 18. Rd1 Rxd1+ 19. Bxd1
Be6 20. Bb3 Bxb3 21. axb3 1/2-1/2

[Event "ITT CXG Memorial Marcel Duchamps"]
[Site "Clube Xadrez Guanabara - Rio de Janeiro, RJ - Brazil"]
[Date "2016.01.17"]
[Round "9"]
[Board "3"]
[White "Garcia Palermo, Carlos"]
[Black "Hungaski, Robert Andrew"]
[Result "1-0"]
[WhiteElo "2438"]
[BlackElo "2478"]
[PlyCount "149"]
[EventDate "2016.01.10"]
[EventRounds "9"]
[EventCountry "BRA"]

1. Nf3 c5 2. c4 Nc6 3. d4 cxd4 4. Nxd4 Nf6 5. Nc3 e6 6. a3 Bc5 7. Nb3 Be7
8. e4 b6 9. Bf4 d6 10. Be2 Bb7 11. O-O O-O 12. Rc1 a6 13. Re1 Rc8 14. Bg3
Ne5 15. Nd2 Qc7 16. f4 Ng6 17. b4 Rfd8 18. Bf1 Qb8 19. Nb3 b5 20. f5 exf5
21. exf5 Ne5 22. cxb5 axb5 23. Nd4 Rxc3 24. Rxc3 Ne4 25. Rxe4 Bxe4 26. Qe2
Qa8 27. Re3 Bd5 28. Qxb5 Bg5 29. Rc3 Bd2 30. Rc2 Be3+ 31. Bf2 Bxf2+ 32.
Rxf2 Be4 33. Qb6 d5 34. h3 Nc4 35. Qc7 Rc8 36. Qg3 Qxa3 37. Qxa3 Nxa3 38.
b5 Nc4 39. Nc6 Kf8 40. f6 gxf6 41. Rxf6 Kg7 42. Rf4 Nb6 43. Kf2 Ra8 44. Ke3
Ra4 45. g4 h6 46. Nd8 f6 47. Ne6+ Kf7 48. Nc5 Ra3+ 49. Kd4 Bg6 50. Bg2 Ke7
51. Bxd5 Rxh3 52. Be4 Bf7 53. Bc6 Bg6 54. Ne4 Bxe4 55. Rxe4+ Kd6 56. Rf4
Nd7 57. Bxd7 Kxd7 58. Kc5 Kc7 59. Rxf6 Rc3+ 60. Kd5 Rh3 61. Ke5 h5 62. g5
Rg3 63. Kf4 h4 64. Rh6 Rb3 65. Rxh4 Kd7 66. Kf5 Rxb5+ 67. Kg6 Ke7 68. Rf4
Ra5 69. Kh6 Ra1 70. g6 Rh1+ 71. Kg7 Re1 72. Kg8 Re2 73. g7 Re1 74. Rh4 Rg1
75. Kh8 1-0

[Event "ITT CXG Memorial Marcel Duchamps"]
[Site "Clube Xadrez Guanabara - Rio de Janeiro, RJ - Brazil"]
[Date "2016.01.17"]
[Round "9"]
[Board "4"]
[White "Alonso, Salvador"]
[Black "Terao, Juliana Sayumi"]
[Result "1-0"]
[WhiteElo "2491"]
[BlackElo "2243"]
[PlyCount "59"]
[EventDate "2016.01.10"]
[EventRounds "9"]
[EventCountry "BRA"]

1. e4 c5 2. Nf3 e6 3. d4 cxd4 4. Nxd4 a6 5. Bd3 Bc5 6. Nb3 Be7 7. O-O d6 8.
Qe2 Nc6 9. f4 Qc7 10. c4 Nb4 11. Nc3 Nxd3 12. Qxd3 Nf6 13. Be3 O-O 14. Kh1
b6 15. a4 Rb8 16. Nd4 Bb7 17. Rac1 Rfe8 18. f5 Bf8 19. fxe6 fxe6 20. Bg5
Ng4 21. Qh3 Ne5 22. b3 Qd7 23. Rcd1 Nf7 24. Be3 Rbd8 25. Nde2 Qc6 26. Rxf7
Kxf7 27. Qxh7 Ke7 28. Nd4 Qc8 29. Bg5+ Kd7 30. Qg6 1-0